| 000 | 00496nam a2200157 4500 | ||
|---|---|---|---|
| 008 | 231203b |||||||| |||| 00| 0 eng d | ||
| 082 |
_a305.48 _bMUS |
||
| 110 | _aMusawah | ||
| 245 |
_aHome truths : _ba global report on equality in the Muslim family |
||
| 260 |
_aSelangor: _bSisters in Islam, _c2009 |
||
| 300 | _a 62 p. : maps ; 25 cm | ||
| 650 | _aDomestic relations- (Islamic law) | ||
| 650 | _aEquality- Religious aspects- Islam | ||
| 650 | _aMuslim women- Social conditions | ||
| 942 | _cRP | ||
| 999 |
_c4280 _d4280 |
||